000 00556nam a2200217 a 4500
001 BS0001976
003 BR-BrBNA
005 20231002164655.0
008 230308b |||||||| |||| 00| 0 por d
040 _aBR-BrBNA
_bpor
_cBiblioteca Nacional de Agricultura
041 _apor
072 _aS86
090 _aS86
_bBS0001976
100 1 _aAndrade, Carlos Drumond de
245 1 _aSentimento do Mundo /
260 3 _aRio de Janeiro, RJ:
_bRecord,
_c1999.
300 _a175 p.
650 _aLITERATURA BRASILEIRA
650 _aPOESIAS
942 _cBK
_2AGRIS
999 _c6999
_d6999